Changements dans la violence : Essai sur la bienveillance universelle et la peur (notice n° 2159344)

détails MARC
000 -LEADER
fixed length control field 01373cam a2200133 4500500
005 - DATE AND TIME OF LATEST TRANSACTION
control field 20260405033059.0
041 ## - LANGUAGE CODE
Language code of text/sound track or separate title fre
042 ## - AUTHENTICATION CODE
Authentication code dc
100 10 - MAIN ENTRY--PERSONAL NAME
Personal name Michaud, Yves
Relator term author
245 00 - TITLE STATEMENT
Title Changements dans la violence : Essai sur la bienveillance universelle et la peur
260 ## - PUBLICATION, DISTRIBUTION, ETC.
Name of publisher, distributor, etc. Odile Jacob,<br/>
Date of publication, distribution, etc. 2002.<br/>
520 ## - SUMMARY, ETC.
Summary, etc. Tout est calme, tout va bien, et soudain l’intolérable surgit et avec lui la peur et la panique… L’irruption de la violence a toujours un air d’apocalypse. Et pourtant, elle a accompagné les hommes depuis les origines, elle est consubstantielle à l’histoire et il y a peu de chances qu’elle disparaisse. Car il y a en l’homme de la noirceur qu’il faut oser regarder en face. Celle de la cruauté et de la sauvagerie, celle du plaisir pris au meurtre d’autrui, celle, plus hypocrite, de la fascination pour le spectacle de la violence. Pourquoi alors nous scandalisons-nous devant les formes nouvelles de violence ? Pourquoi ce sentiment qu’il y a à la fois moins de violence et plus de violence, que le monde est plus facile à vivre et plus impitoyable, que la bienveillance est la loi universelle mais que la haine se porte mieux qu’elle, que la sécurité est un droit mais que la peur règne ?
856 41 - ELECTRONIC LOCATION AND ACCESS
Uniform Resource Identifier <a href="https://shs.cairn.info/changements-dans-la-violence--9782738111357?lang=fr&redirect-ssocas=7080">https://shs.cairn.info/changements-dans-la-violence--9782738111357?lang=fr&redirect-ssocas=7080</a>

Pas d'exemplaire disponible.

PLUDOC

PLUDOC est la plateforme unique et centralisée de gestion des bibliothèques physiques et numériques de Guinée administré par le CEDUST. Elle est la plus grande base de données de ressources documentaires pour les Étudiants, Enseignants chercheurs et Chercheurs de Guinée.

Adresse

627 919 101/664 919 101

25 boulevard du commerce
Kaloum, Conakry, Guinée

Réseaux sociaux

Powered by Netsen Group @ 2025